Statistics for Biggest Cities in Pakistan Quiz

Click here to take the quiz!

General Stats

  • This quiz has been taken 57 times
  • The average score is 8 of 14

Answer Stats

PopulationCity% Correct
14,916,456Karachi
97%
1,009,832Islamabad
94%
11,126,285Lahore
92%
1,734,309Hyderabad
75%
1,001,205Quetta
69%
2,098,231Rawalpindi
64%
1,970,042Peshawar
64%
3,204,726Faisalabad
61%
1,871,843Multan
53%
2,027,001Gujranwala
19%
655,852Sialkot
17%
499,900Sukkur
17%
762,111Bahawalpur
14%
659,862Sargodha
14%

Score Distribution

Percentile by Number Answered

Percent of People with Each Score

Your Score History

You have not taken this quiz